000 01359cab a2200337 4500
001 ABS59615
008 090401t1998 xxu||||| |||| 00| 0 eng d
035 _a(Sirsi) u89724
041 _aeng
245 _aRefurbishment
260 _c1998
350 _a0
490 _aConstruction News
_v(6591) 12 November 1998, 31-40(6)
520 _aSeries of articles on the subject of refurbishment. Reviews future prospects for the `repair, maintenance and improvement` sector, and reports on the refurbishment of a high-rise mixed residential and commercial block in London. Discusses Dr Singh`s work on the dry rot fungus, the work of the Centre for Building Heritage, and refurbishment of multi-storey car parks.
650 _aBUILDING RESEARCH
650 _aDE-ICING SALT
650 _aBUILT ENVIRONMENT-BUILDING PATHOLOGY-INFESTATION (FUNGAL)-FUNGI-DRY ROT
650 _aIMPROVEMENT
650 _aLIME MORTAR
650 _aBUILT ENVIRONMENT-BUILDING MAINTENANCE AND REFURBISHMENT
650 _aMULTI STOREY CAR PARKS
650 _aPRIVATE SECTOR
650 _aPUBLIC HOUSING
650 _aBUILT ENVIRONMENT-BUILDING MAINTENANCE AND REFURBISHMENT
650 _aREPAIRS
650 _aRMI MARKET
650 _aSICK BUILDING SYNDROME
690 _aBUILDING AND CONSTRUCTION-REPAIRS AND MAINTENANCE
942 _n0
948 _c17/11/1998
999 _c56781
_d56781